00696 2200241 4500001002100000005001500021008000500036020002200041035002400063040001200087082002100099084002500120100001900145245008700164250001000251260004100261300004200302504002600344650003600370990001600406990001600422990001600438YOGYA00000000009965720140823124327 ind a978-979-24-0414-2 0010-101300000000550 aYOPDYOG 2[22]a392.595982 aYog 392.595982 Har T aHARIWIJAYA, M. aTata cara penyelenggaraan perkawinan adat jawa/4cM.Hariwijaya; penyunting, Salimin aCet.2 aYogyakarta :bHanggar Kreator,c2008 axii, 251 hlm.:bilus,;c24 cm (3 eks) aBibliografi: hlm. 251 aAdat dan Upacar Perkawinan Jawa a2401/B.2013 a2402/B.2013 a2403/B.2013